| 000 | 01214nam a2200325 i 4500 | ||
|---|---|---|---|
| 001 | 000015395 | ||
| 003 | DO-SdBNP | ||
| 005 | 20240716083641.0 | ||
| 006 | a||||gr|||| 00| 0 | ||
| 007 | ta | ||
| 008 | 100208t2005 dr r 001 0 spa d | ||
| 020 | _a9993442313 | ||
| 040 |
_aDO-SdBNP _bspa _cBNPHU _erda |
||
| 082 | 4 |
_aRD860.25 _bF316d _222 |
|
| 100 | 1 |
_aBatista, León Félix, _d1964- _eautor _912031 |
|
| 245 | 1 | 0 |
_aDirectorio de escritores dominicanos en los Estados Unidos / _cLeón Félix Batista ; editor, José M. Fernández Pequeño; presentación, Alejandro Arvelo. |
| 264 | 4 |
_aSanto Domingo : _bDerección General de la Feria del Libro, _c©2005 |
|
| 300 |
_a86 páginas ; _c23 cm. |
||
| 336 |
_2rdacontent _atexto _btxt |
||
| 337 |
_2rdamedia _asin mediación _bn |
||
| 338 |
_2rdacarrier _avolumen _bnc |
||
| 490 | 0 |
_aFERILIBRO ; _v66 |
|
| 500 | _aIncluye datos biográficos del autor en la solapa de la cubierta. | ||
| 590 | _aInventariado 2023 / MF | ||
| 650 | 0 |
_aAutores dominicanos _xDirectorios _934771 |
|
| 650 | 0 |
_aLiteratura dominicana _xDirectorios _934772 |
|
| 700 | 1 | 4 |
_aFernández Pequeño, José Manuel, _eeditor _99243 |
| 700 | 1 | 4 |
_aArvelo, Alejandro _eprólogo _9147 |
| 942 |
_2ddc _cLBS1 |
||
| 999 |
_c14956 _d14956 |
||